000 00304nam a22001337a 4500
999 _c10683
_d10683
003 OSt
008 210614b ||||| |||| 00| 0 eng d
100 _aFADIA,BL
245 _aWestern Political Thought
260 _aAgra
_bSahitya Bhawan
_c2021
300 _a499
650 _aBA Gen
942 _2ddc
_cBK
_03